| 000 | 00462nam a2200157Ia 4500 | ||
|---|---|---|---|
| 003 | OSt | ||
| 005 | 20200811132250.0 | ||
| 008 | 190216s9999||||xx |||||||||||||| ||und|| | ||
| 020 | _a8174461817 | ||
| 040 | _coclc | ||
| 082 |
_a657 _bBHA/B |
||
| 100 |
_aBhardwaj, Ripudaman Singh _92503 |
||
| 245 | 0 |
_aBusiness Statistics / _cRipudaman Singh Bhardwaj |
|
| 260 |
_bExcel Books, _c1999. _aNew Delhi: |
||
| 942 |
_cBK _2ddc _h657 _iBHA/B _k657 _mBHA/B |
||
| 999 |
_c5777 _d5777 |
||